Central Library OPAC University of Rajshahi

The American pageant : (Record no. 28081)

MARC details
000 -LEADER
fixed length control field 00787cam a2200253 4500
001 - CONTROL NUMBER
control field 28081
003 - CONTROL NUMBER IDENTIFIER
rucl marc code BD-RjUL
005 - DATE AND TIME OF LATEST TRANSACTION
control field 20211209051233.0
008 - FIXED-LENGTH DATA ELEMENTS--GENERAL INFORMATION
fixed length control field 140329r19741971ii abc b 001 0 eng
035 ## - SYSTEM CONTROL NUMBER
System control number (BD-RjUL)28162
040 ## - CATALOGING SOURCE
Original cataloging agency DLC
Transcribing agency DLC
Modifying agency BD-RjUL
Language of cataloging eng
041 ## - LANGUAGE CODE
Language code of text/sound track or separate title eng
082 00 - DEWEY DECIMAL CLASSIFICATION NUMBER
Classification number 973
Author mark and year BAA 1974
100 1# - MAIN ENTRY--PERSONAL NAME
Personal name Bailey, Thomas Andrew,
Dates associated with a name 1902-1983.
9 (RLIN) 85854
245 14 - TITLE STATEMENT
Title The American pageant :
Remainder of title a history of the Republic /
Statement of responsibility, etc. Thomas A. Bailey.
250 ## - EDITION STATEMENT
Edition statement 4th ed.
260 ## - PUBLICATION, DISTRIBUTION, ETC. (IMPRINT)
Place of publication, distribution, etc. New Delhi :
Name of publisher, distributor, etc. Sterling Publishers,
Date of publication, distribution, etc. c1971 [Reprinted 1974].
300 ## - PHYSICAL DESCRIPTION
Pagination xvii, 1068, lvi p. :
Illustrations ill. ;
Size 25 cm.
504 ## - BIBLIOGRAPHY, ETC. NOTE
Bibliography, etc Includes bibliographical references and index.
651 #0 - SUBJECT ADDED ENTRY--GEOGRAPHIC NAME
Geographic name United States
General subdivision History.
9 (RLIN) 86090
942 ## - ADDED ENTRY ELEMENTS (KOHA)
Source of classification or shelving scheme Dewey Decimal Classification
Koha item type Books
Holdings
Lost status Source of classification or shelving scheme Damaged status Not for loan Collection code Permanent Location Current Location Shelving location Date acquired Source of acquisition Total Checkouts Full call number Date last seen Copy number Koha item type
  Dewey Decimal Classification   Added to bundle Non-fiction Central Library, University of Rajshahi Central Library, University of Rajshahi Reading Room 10/07/1976 U. S. I. S.   973 BAA 1974 29/03/2014 C-1 Books
  Dewey Decimal Classification     Fiction Central Library, University of Rajshahi Central Library, University of Rajshahi   10/07/1976 U.S.I.S.   973 BAA 1974 12/03/2019 C-2 Books